000
00442nam a2200145Ia 4500
008
090124s9999 xx 000 0 und d
082
_b
201158
245
_a
जादूचे पाणी
250
_a
1
260
_b
भावे पु. भा. (पुरुषोत्तम भास्कर)
_c
1968
300
_a
104
630
_a
जादूचे पाणी
730
_a
जादूचे पाणी
942
_c
BOOK
999
_c
182739
_d
182739